[Event "2nd Turkish League 2017"]
[Site "Konya"]
[Date "2017.07.19"]
[Round "4"]
[White "Akca, Gani Eren"]
[Black "Ataman, Alper Efe"]
[Result "1/2-1/2"]
[WhiteElo "2158"]
[BlackElo "2175"]
[Annotator "NA"]
[PlyCount "70"]
[EventType "team-tourn"]
[EventCountry "TUR"]
[SourceTitle "playchess.com"]
[Source "ChessBase"]
[SourceQuality "1"]
[TimeControl "5400+30"]

1. e4 {[%emt 0:00:30]} e5 {[%emt 0:01:00]} 2. Nf3 {[%emt 0:00:00]} Nc6 {[%emt 0:00:30]} 3. Bb5 {[%emt 0:00:00]} a6 {[%emt 0:00:30]} 4. Ba4 {[%emt 0:00:30]} Nf6 {[%emt 0:00:30]} 5. O-O {[%emt 0:00:30]} Be7 {[%emt 0:00:30]} 6. Re1 {[%emt 0:00:00]} b5 {[%emt 0:00:30]} 7. Bb3 {[%emt 0:00:00]} d6 {[%emt 0:00:00]} 8. c3 {[%emt 0:00:30]} O-O {[%emt 0:01:00]} 9. h3 {[%emt 0:00:30]} Bb7 {[%emt 0:00:00]} 10. d4 {[%emt 0:00:30]} Re8 {[%emt 0:01:00]} 11. Nbd2 {[%emt 0:00:30]} exd4 {[%emt 0:00:30] C92: Closed Ruy Lopez: 9...Be6, Karpov and Flohr-Zaitsev Variations} (11... Bf8 12. a4 Na5 13. Bc2 exd4 14. cxd4 b4 15. b3 g6 16. d5 Bg7 17. Bb2 c6 18. dxc6 Bxc6 19. Nd4 Bb7 20. Qf3 {½-½ (49) Piorun,K (2631)-Matlakov,M (2707) Khanty-Mansiysk 2017}) 12. cxd4 {[%emt 0:00:30]} Nd7 {[%emt 0:00:30]} 13. d5 {[%emt 0:05:30]} Nce5 {[%emt 0:11:30]} 14. Nxe5 $146 {[%emt 0:00:30]} ({Predecessor:} 14. Bc2 Bf6 15. Nd4 Nc5 16. N2b3 Nxb3 17. axb3 c5 18. dxc6 Nxc6 19. Nxc6 Bxc6 {0-1 (42) Petriashvili,N (2223)-Ghukasyan,S (2192) Batumi 2017}) 14... Nxe5 {[%emt 0:00:30]} 15. Nf1 {[%emt 0:02:30]} c5 {[%emt 0:05:30]} 16. dxc6 {[%emt 0:01:30]} Bxc6 {[%emt 0:00:30]} 17. Ng3 {[%emt 0:01:30]} g6 {[%emt 0:01:30]} 18. Be3 {[%emt 0:08:30]} Rc8 {[%emt 0:07:30]} 19. Rc1 {[%emt 0:25:30]} Bb7 {[%emt 0:12:30]} 20. Rxc8 {[%emt 0:06:30]} Qxc8 {[%emt 0:01:30]} 21. Qd4 {[%emt 0:01:30]} Qc5 {[%emt 0:04:30]} 22. Rc1 {[%emt 0:04:30]} Qxd4 $11 {[%emt 0:00:30]} 23. Bxd4 {[%emt 0:00:00]} Rc8 {[%emt 0:03:30]} 24. Rxc8+ {[%emt 0:03:00]} Bxc8 {[%emt 0:00:00]} 25. Bd5 {[%emt 0:01:30]} Bf6 {[%emt 0:07:00]} 26. Ne2 {[%emt 0:09:30]} Kg7 {[%emt 0:01:30]} 27. b4 {[%emt 0:04:30]} Be6 {[%emt 0:11:30]} 28. Nf4 {[%emt 0:01:30]} Nc4 {[%emt 0:04:30]} 29. Bxe6 {[%emt 0:07:03]} Bxd4 {[%emt 0:00:30]} 30. Bc8 {[%emt 0:01:13]} a5 {[%emt 0:01:30]} 31. bxa5 {[%emt 0:01:00]} Nxa5 {[%emt 0:00:30]} 32. Nd5 {[%emt 0:00:00]} Bc5 {[%emt 0:01:30]} 33. Bd7 {[%emt 0:03:06]} b4 {[%emt 0:00:30]} 34. Ba4 {[%emt 0:00:23]} Nc4 {[%emt 0:01:30]} 35. Bc2 {[%emt 0:00:34]} Nb6 {[%emt 0:02:03]} 1/2-1/2

[Event "2nd Turkish League 2017"]
[Site "Konya"]
[Date "2017.07.19"]
[Round "4"]
[White "Zor, Alber Kadir"]
[Black "Lomsadze, Davit"]
[Result "0-1"]
[WhiteElo "2146"]
[BlackElo "2335"]
[Annotator "NA"]
[PlyCount "74"]
[EventType "team-tourn"]
[EventCountry "TUR"]
[SourceTitle "playchess.com"]
[Source "ChessBase"]
[SourceQuality "1"]
[TimeControl "5400+30"]

1. Nf3 {[%emt 0:00:30]} Nf6 {[%emt 0:01:00]} 2. c4 {[%emt 0:00:30]} g6 {[%emt 0:00:30]} 3. Nc3 {[%emt 0:00:30]} Bg7 {[%emt 0:00:00]} 4. d4 {[%emt 0:00:00]} O-O {[%emt 0:00:00]} 5. e4 {[%emt 0:00:00]} d6 {[%emt 0:01:30]} 6. Be2 {[%emt 0:00:30]} Bg4 {[%emt 0:03:30]} 7. Ng1 {[%emt 0:07:30]} Bc8 {[%emt 0:05:30]} 8. Nf3 {[%emt 0:01:30]} Nbd7 {[%emt 0:00:00]} 9. Be3 {[%emt 0:01:30]} e5 {[%emt 0:06:00]} 10. d5 {[%emt 0:00:00]} Ng4 {[%emt 0:00:30]} 11. Bg5 {[%emt 0:00:00] LiveBook: 109 Games E93: King's Indian: Classical: Petrosian System with 7...Nbd7} Ngf6 {[%emt 0:02:30]} (11... f6 12. Bd2 f5 13. Ng5 Ndf6 14. exf5 gxf5 15. h3 Nh6 16. Ne6 Bxe6 17. dxe6 f4 18. Qc2 Qe7 19. g4 fxg3 20. fxg3 Qxe6 {½-½ (27) Krasenkow,M (2628)-Smirin,I (2652) Stockholm 2013}) 12. Nd2 {[%emt 0:01:30]} h6 {[%emt 0:00:30]} 13. Be3 {[%emt 0:00:30]} a5 {[%emt 0:02:30]} 14. a3 {[%emt 0:04:30]} Nh7 {[%emt 0:04:30]} 15. g4 $146 {[%emt 0:09:30]} ({Predecessor:} 15. b4 f5 16. f3 Qh4+ 17. Bf2 Qg5 18. g3 Qe7 19. Rc1 h5 20. Nb5 fxe4 21. Nxe4 {0-1 (35) Radocaj,D (2280)-Bulajic,R (2230) Novi Sad 1989}) 15... Nc5 {[%emt 0:01:30]} 16. h4 {[%emt 0:04:30]} f5 {[%emt 0:04:30]} 17. f3 $2 {[%emt 0:06:30]} (17. Bxc5 $16 {keeps the pressure on.} dxc5 18. gxf5) 17... fxg4 $1 {[%emt 0:01:30]} 18. fxg4 {[%emt 0:00:30]} Bf6 $1 {[%emt 0:02:30]} 19. Bf2 {[%emt 0:15:30]} a4 $11 {[%emt 0:00:30]} 20. Qc2 {[%emt 0:06:30]} Be7 {[%emt 0:01:30]} 21. Rh2 {[%emt 0:13:30]} Rxf2 {[%emt 0:06:30]} 22. Kxf2 {[%emt 0:01:30]} Bxh4+ {[%emt 0:00:00]} 23. Kg1 {[%emt 0:00:00]} Bg5 {[%emt 0:00:00]} 24. Rf1 {[%emt 0:01:00]} Kg7 {[%emt 0:01:30]} 25. Rg2 {[%emt 0:12:29]} Be3+ {[%emt 0:01:30]} 26. Kh1 {[%emt 0:00:21]} Qh4+ {[%emt 0:00:30]} 27. Rh2 {[%emt 0:00:15]} Qe7 {[%emt 0:00:00]} 28. Nf3 {[%emt 0:02:10]} Bf4 {[%emt 0:01:00]} 29. Rg2 {[%emt 0:02:23]} Ng5 {[%emt 0:02:30]} 30. Nh4 {[%emt 0:04:20]} Nh3 {[%emt 0:05:30]} 31. Nf3 {[%emt 0:01:23]} Bd7 {[%emt 0:00:00]} 32. Nd1 {[%emt 0:02:29]} Ng5 {[%emt 0:01:00]} 33. Nh4 {[%emt 0:01:30]} Rf8 {[%emt 0:01:30]} 34. Rgf2 {[%emt 0:01:28]} Nh3 {[%emt 0:00:30]} 35. Ng2 {[%emt 0:00:03]} Nxf2+ {[%emt 0:00:30]} 36. Rxf2 {[%emt 0:00:30]} Qg5 {[%emt 0:00:30]} 37. Qc3 {[%emt 0:00:54]} Nxe4 {[%emt 0:00:30]} 0-1

[Event "2nd Turkish League 2017"]
[Site "Konya"]
[Date "2017.07.19"]
[Round "4"]
[White "Kerem, Halil Ozgun"]
[Black "Alaz, Ahmet Efekan"]
[Result "1/2-1/2"]
[WhiteElo "2074"]
[BlackElo "2015"]
[Annotator "NA"]
[PlyCount "49"]
[EventType "team-tourn"]
[EventCountry "TUR"]
[SourceTitle "playchess.com"]
[Source "ChessBase"]
[SourceQuality "1"]
[TimeControl "5400+30"]

1. Nf3 {[%emt 0:00:30]} Nf6 {[%emt 0:01:00]} 2. g3 {[%emt 0:00:00]} c5 {[%emt 0:00:00]} 3. Bg2 {[%emt 0:03:00]} b6 {[%emt 0:01:00]} 4. O-O {[%emt 0:01:30]} Bb7 {[%emt 0:00:00]} 5. c4 {[%emt 0:00:00]} e6 {[%emt 0:00:00]} 6. d4 {[%emt 0:00:00]} cxd4 {[%emt 0:00:30]} 7. Nxd4 {[%emt 0:02:30]} Bxg2 {[%emt 0:00:30]} 8. Kxg2 {[%emt 0:00:30]} Qc8 {[%emt 0:00:00]} 9. b3 {[%emt 0:00:30]} a6 {[%emt 0:01:00] A30: Symmetrical English: Double Fianchetto and Hedgehog} 10. Bb2 {[%emt 0:12:30]} Be7 {[%emt 0:00:30]} 11. Nc3 {[%emt 0:00:30]} Qb7+ {[%emt 0:01:30]} 12. Kg1 {[%emt 0:01:30]} O-O {[%emt 0:00:30]} 13. e3 {[%emt 0:20:30]} Rd8 {[%emt 0:06:30] [#]} 14. Rc1 $146 {[%emt 0:00:30]} ({Predecessor:} 14. Qe2 d5 15. cxd5 Nxd5 {1-0 (36) Nisipeanu,L (2638)-Milu,R (2421) Brasov 2011}) 14... d6 {[%emt 0:00:30]} 15. Qe2 {[%emt 0:03:30]} Nbd7 {[%emt 0:01:30]} 16. Rfd1 {[%emt 0:01:30]} Rac8 {[%emt 0:01:30]} 17. Qf3 {[%emt 0:03:30]} Qc7 {[%emt 0:14:30]} 18. h3 {[%emt 0:01:30]} Bf8 {[%emt 0:03:30]} 19. Kh2 {[%emt 0:01:30]} Ne5 {[%emt 0:12:30]} 20. Qg2 {[%emt 0:00:30]} g6 {[%emt 0:03:30]} 21. Rd2 {[%emt 0:03:30]} Bg7 {[%emt 0:02:30]} 22. Ba3 {[%emt 0:02:30]} Bf8 $14 {[%emt 0:04:30]} 23. Bb2 {[%emt 0:01:30]} Bg7 {[%emt 0:01:30]} 24. Ba3 {[%emt 0:00:30]} Bf8 {[%emt 0:00:00]} 25. Bb2 {[%emt 0:08:30]} 1/2-1/2

[Event "2nd Turkish League 2017"]
[Site "Konya"]
[Date "2017.07.19"]
[Round "4"]
[White "Duman, Aydin"]
[Black "Okay, Ilkin Ege"]
[Result "1-0"]
[WhiteElo "2056"]
[BlackElo "1973"]
[Annotator "NA"]
[PlyCount "87"]
[EventType "team-tourn"]
[EventCountry "TUR"]
[SourceTitle "playchess.com"]
[Source "ChessBase"]
[SourceQuality "1"]
[TimeControl "5400+30"]

1. e4 {[%emt 0:00:30]} c6 {[%emt 0:01:00]} 2. c4 {[%emt 0:01:30]} d5 {[%emt 0:00:30]} 3. exd5 {[%emt 0:00:30]} cxd5 {[%emt 0:00:30]} 4. cxd5 {[%emt 0:02:30]} Nf6 {[%emt 0:01:30]} 5. Qa4+ {[%emt 0:00:30]} Nbd7 {[%emt 0:00:30]} 6. Nc3 {[%emt 0:00:30]} g6 {[%emt 0:01:30]} 7. Bc4 {[%emt 0:00:00]} Bg7 {[%emt 0:00:30]} 8. d3 {[%emt 0:00:00]} O-O {[%emt 0:02:30]} 9. Nf3 {[%emt 0:00:30]} a6 {[%emt 0:04:30]} 10. Qa3 {[%emt 0:00:00]} b6 {[%emt 0:31:30]} 11. O-O {[%emt 0:23:00] LiveBook: 125 Games} Bb7 {[%emt 0:05:30]} 12. Re1 {[%emt 0:00:30]} Re8 {[%emt 0:01:30]} 13. Bg5 {[%emt 0:09:30]} b5 {[%emt 0:09:30]} 14. Bb3 $11 {[%emt 0:04:30]} Nb6 {[%emt 0:05:30]} 15. d6 {[%emt 0:24:30]} Qxd6 {[%emt 0:06:30]} 16. Ne5 {[%emt 0:11:32]} Nfd5 {[%emt 0:01:30]} 17. Nxd5 {[%emt 0:03:10]} Qxa3 {[%emt 0:02:30]} 18. bxa3 {[%emt 0:08:10]} Nxd5 {[%emt 0:00:30]} 19. Rac1 {[%emt 0:01:37]} Rac8 {[%emt 0:01:30]} 20. Nf3 {[%emt 0:01:03]} Nc3 {[%emt 0:01:30]} 21. Kf1 {[%emt 0:01:35]} e6 {[%emt 0:00:30]} 22. Bd2 {[%emt 0:00:51]} Red8 {[%emt 0:01:33]} 23. d4 {[%emt 0:01:25]} Bxf3 {[%emt 0:03:15]} 24. Bxc3 {[%emt 0:00:02]} Bb7 {[%emt 0:04:34]} 25. Ba5 {[%emt 0:00:19]} Rxd4 {[%emt 0:03:46]} 26. Rxc8+ {[%emt 0:00:30]} Bxc8 {[%emt 0:00:00]} 27. Rc1 {[%emt 0:00:28]} Bd7 {[%emt 0:00:00]} 28. Rc7 {[%emt 0:00:23]} b4 {[%emt 0:05:03]} 29. a4 {[%emt 0:02:10]} Bf8 {[%emt 0:03:32]} 30. Bb6 {[%emt 0:01:22]} Rd6 {[%emt 0:00:36]} 31. Ba5 {[%emt 0:00:25]} Rd4 {[%emt 0:00:32]} 32. Ra7 {[%emt 0:00:28]} Bc8 {[%emt 0:00:52]} 33. Ra8 {[%emt 0:00:45]} Bb7 {[%emt 0:00:17]} 34. Rb8 {[%emt 0:00:10]} Be4 {[%emt 0:00:21]} 35. Bb6 {[%emt 0:00:34]} Bd3+ {[%emt 0:01:46]} 36. Ke1 {[%emt 0:00:22]} Re4+ {[%emt 0:00:45]} 37. Kd2 {[%emt 0:00:07]} Bf1 {[%emt 0:01:01]} 38. Bc5 {[%emt 0:00:30]} Kg7 {[%emt 0:00:00]} 39. Bxf8+ {[%emt 0:00:23]} Kf6 {[%emt 0:00:00]} 40. Rxb4 {[%emt 0:00:50]} Re2+ {[%emt 0:00:19]} 41. Kd1 {[%emt 0:00:10]} Rxf2 {[%emt 0:00:00]} 42. Ke1 {[%emt 0:00:30]} Rf5 {[%emt 0:00:02]} 43. Bc2 {[%emt 0:00:02]} Rc5 {[%emt 0:00:48]} 44. Bxc5 {[%emt 0:00:04]} 1-0

[Event "2nd Turkish League 2017"]
[Site "Konya"]
[Date "2017.07.19"]
[Round "4"]
[White "Seyhanoglu, Deniz"]
[Black "Bayraktar, Armagan"]
[Result "1-0"]
[WhiteElo "2049"]
[BlackElo "1889"]
[Annotator "NA"]
[PlyCount "75"]
[EventType "team-tourn"]
[EventCountry "TUR"]
[SourceTitle "playchess.com"]
[Source "ChessBase"]
[SourceQuality "1"]
[TimeControl "5400+30"]

1. c4 {[%emt 0:00:30]} g6 {[%emt 0:01:00]} 2. g3 {[%emt 0:00:30]} Bg7 {[%emt 0:00:30]} 3. Bg2 {[%emt 0:00:30]} c5 {[%emt 0:00:30]} 4. e3 {[%emt 0:00:00]} Nc6 {[%emt 0:00:30]} 5. Ne2 {[%emt 0:00:00]} e6 {[%emt 0:00:30]} 6. Nbc3 {[%emt 0:00:00]} Nge7 {[%emt 0:00:30]} 7. O-O {[%emt 0:00:00]} O-O {[%emt 0:02:30]} 8. d4 {[%emt 0:00:30]} cxd4 {[%emt 0:02:30]} 9. Nxd4 {[%emt 0:02:30]} d5 {[%emt 0:07:30]} 10. cxd5 {[%emt 0:03:30]} Nxd4 {[%emt 0:00:30]} 11. exd4 {[%emt 0:00:30]} exd5 {[%emt 0:10:30]} 12. Bg5 {[%emt 0:10:30]} Be6 {[%emt 0:02:30]} 13. Qb3 {[%emt 0:08:30]} Qd7 {[%emt 0:02:30]} 14. Rad1 $11 {[%emt 0:08:30]} (14. Bxe7 $5 Qxe7 15. Bxd5 $11 (15. Nxd5 Qd7 $11)) 14... Nc6 {[%emt 0:14:30]} 15. Nxd5 {[%emt 0:27:30]} h6 {[%emt 0:31:57]} 16. Be3 {[%emt 0:12:30]} Kh8 {[%emt 0:06:40]} 17. Qb5 {[%emt 0:09:20]} a6 {[%emt 0:01:04]} 18. Qc5 {[%emt 0:00:36]} Bxd5 {[%emt 0:06:09]} 19. Qxd5 {[%emt 0:03:23]} Rad8 {[%emt 0:01:08]} 20. Qxd7 {[%emt 0:00:58]} Rxd7 {[%emt 0:00:08]} 21. d5 {[%emt 0:00:47]} Ne5 {[%emt 0:02:15]} 22. b3 {[%emt 0:00:41]} Re8 {[%emt 0:01:27]} 23. h3 {[%emt 0:01:20]} f5 {[%emt 0:00:11]} 24. Rfe1 {[%emt 0:01:35]} Nf7 {[%emt 0:00:21]} 25. Bc5 {[%emt 0:00:45]} Nd6 {[%emt 0:01:09]} 26. Re6 {[%emt 0:01:55]} Red8 {[%emt 0:00:58]} 27. Rxg6 {[%emt 0:00:37]} Ne4 {[%emt 0:00:35]} 28. Bxe4 {[%emt 0:00:59]} fxe4 {[%emt 0:00:10]} 29. d6 {[%emt 0:00:41]} Kh7 {[%emt 0:02:20]} 30. Re6 {[%emt 0:00:18]} Kg8 {[%emt 0:01:23]} 31. Rxe4 {[%emt 0:00:39]} Rc8 {[%emt 0:00:19]} 32. b4 {[%emt 0:00:24]} a5 {[%emt 0:00:23]} 33. Re7 {[%emt 0:02:11]} Rxe7 {[%emt 0:00:30]} 34. dxe7 {[%emt 0:00:00]} Bf6 {[%emt 0:00:29]} 35. Rd7 {[%emt 0:00:34]} axb4 {[%emt 0:00:36]} 36. Rxb7 {[%emt 0:00:53]} Kf7 {[%emt 0:00:17]} 37. Bxb4 {[%emt 0:00:37]} Rc2 {[%emt 0:00:38]} 38. Rb8 {[%emt 0:00:32]} 1-0

[Event "2nd Turkish League 2017"]
[Site "Konya"]
[Date "2017.07.19"]
[Round "4"]
[White "Buker, Muhittin"]
[Black "Ozturk, Emir"]
[Result "0-1"]
[WhiteElo "2006"]
[BlackElo "2202"]
[Annotator "NA"]
[PlyCount "78"]
[EventType "team-tourn"]
[EventCountry "TUR"]
[SourceTitle "playchess.com"]
[Source "ChessBase"]
[SourceQuality "1"]
[TimeControl "5400+30"]

1. d4 {[%emt 0:00:30]} Nf6 {[%emt 0:01:00]} 2. c4 {[%emt 0:00:30]} e6 {[%emt 0:00:30]} 3. Nf3 {[%emt 0:00:00]} b6 {[%emt 0:00:00]} 4. g3 {[%emt 0:00:00]} Bb7 {[%emt 0:00:00]} 5. Bg2 {[%emt 0:00:00]} Be7 {[%emt 0:00:30]} 6. Nc3 {[%emt 0:00:00]} Ne4 {[%emt 0:00:00]} 7. Qc2 {[%emt 0:00:00]} Nxc3 {[%emt 0:01:00]} 8. Qxc3 {[%emt 0:06:00]} O-O {[%emt 0:01:30]} 9. O-O {[%emt 0:00:00]} c5 {[%emt 0:00:30]} 10. b3 {[%emt 0:02:00]} cxd4 {[%emt 0:01:30]} 11. Nxd4 {[%emt 0:00:30]} Bxg2 {[%emt 0:00:30]} 12. Kxg2 {[%emt 0:00:00]} Bf6 {[%emt 0:00:00]} 13. Bb2 {[%emt 0:00:00]} d5 {[%emt 0:03:00]} 14. cxd5 {[%emt 0:09:30]} Qxd5+ {[%emt 0:03:30]} 15. f3 {[%emt 0:02:30]} Na6 {[%emt 0:16:30]} 16. Rac1 {[%emt 0:01:30]} Rfd8 {[%emt 0:12:30]} 17. Rfd1 {[%emt 0:02:30]} Qb7 {[%emt 0:10:30]} 18. Qe1 {[%emt 0:18:30]} Rac8 $11 {[%emt 0:10:30]} 19. e3 {[%emt 0:16:30]} Rxc1 {[%emt 0:08:30]} 20. Rxc1 {[%emt 0:04:30]} Nc5 {[%emt 0:00:00]} 21. Qe2 {[%emt 0:00:30]} e5 {[%emt 0:04:00]} 22. Nf5 {[%emt 0:01:30]} Nd3 {[%emt 0:05:30]} 23. Rf1 {[%emt 0:06:30]} Qa6 {[%emt 0:00:30]} 24. Qc2 {[%emt 0:06:30]} Qxa2 {[%emt 0:01:28]} 25. Rb1 {[%emt 0:00:30] 2} e4 {[%emt 0:06:12]} 26. Nd4 {[%emt 0:00:30] 2} Bxd4 {[%emt 0:01:19]} 27. exd4 {[%emt 0:00:00] ]} Qa5 {[%emt 0:00:23]} 28. fxe4 {[%emt 0:10:11]} Ne1+ {[%emt 0:00:35]} 29. Rxe1 {[%emt 0:00:30]} Qxe1 {[%emt 0:00:00]} 30. d5 {[%emt 0:00:00]} Re8 {[%emt 0:01:28]} 31. e5 {[%emt 0:00:30]} Qb4 {[%emt 0:01:54]} 32. d6 {[%emt 0:06:19]} Qc5 {[%emt 0:06:17]} 33. Qxc5 {[%emt 0:01:24]} bxc5 {[%emt 0:00:01]} 34. Kf3 {[%emt 0:00:08]} Rb8 {[%emt 0:01:43]} 35. Ba3 {[%emt 0:02:13]} Rxb3+ {[%emt 0:02:36]} 36. Ke2 {[%emt 0:00:15]} Kf8 {[%emt 0:01:09]} 37. Bxc5 {[%emt 0:00:39]} Ke8 {[%emt 0:00:30]} 38. Bxa7 {[%emt 0:00:00]} Rb2+ {[%emt 0:00:00]} 39. Kf3 {[%emt 0:00:39]} Rxh2 {[%emt 0:00:00] [%clk 0:00.00]} 0-1

[Event "2nd Turkish League 2017"]
[Site "Konya"]
[Date "2017.07.19"]
[Round "4"]
[White "Ibik, Halit Yavuz"]
[Black "Altunbay, Onder"]
[Result "1/2-1/2"]
[WhiteElo "2004"]
[BlackElo "1830"]
[Annotator "NA"]
[PlyCount "89"]
[EventType "team-tourn"]
[EventCountry "TUR"]
[SourceTitle "playchess.com"]
[Source "ChessBase"]
[SourceQuality "1"]
[TimeControl "5400+30"]

1. e4 {[%emt 0:00:30]} e6 {[%emt 0:01:00]} 2. d4 {[%emt 0:00:30]} d5 {[%emt 0:00:00]} 3. Nd2 {[%emt 0:01:30]} dxe4 {[%emt 0:01:00]} 4. Nxe4 {[%emt 0:00:30]} Nd7 {[%emt 0:00:30]} 5. Nf3 {[%emt 0:00:30]} Ngf6 {[%emt 0:01:30]} 6. Bg5 {[%emt 0:03:30]} Be7 {[%emt 0:00:30]} 7. Nxf6+ {[%emt 0:00:30]} Nxf6 {[%emt 0:00:30]} 8. c3 {[%emt 0:00:30]} O-O {[%emt 0:01:30]} 9. Bd3 {[%emt 0:00:30]} b6 {[%emt 0:09:30]} 10. O-O {[%emt 0:02:30]} Bb7 {[%emt 0:01:30]} 11. Re1 {[%emt 0:00:30]} h6 {[%emt 0:09:30]} 12. Bh4 {[%emt 0:01:30]} Nh5 {[%emt 0:12:30] C10: French with 3 Nc3: Unusual Black 3rd moves and 3...dxe4} 13. Bxe7 {[%emt 0:06:30]} (13. Ne5 $5 {[%cal Rh4e7]} Bxh4 14. Qxh5 $11) 13... Qxe7 {[%emt 0:00:00]} 14. Be4 {[%emt 0:01:30]} Bxe4 {[%emt 0:01:00]} 15. Rxe4 {[%emt 0:00:00]} Nf6 {[%emt 0:00:30]} 16. Re1 {[%emt 0:01:00]} Rac8 $146 {[%emt 0:08:30]} ({Predecessor:} 16... c5 17. dxc5 Qxc5 {½-½ (17) Panchenko,A (2430)-Ulybin,M (2495) Cheliabinsk 1989}) 17. Qe2 {[%emt 0:07:30]} c5 {[%emt 0:11:30]} 18. Rad1 {[%emt 0:05:30]} Qb7 {[%emt 0:07:30]} 19. c4 {[%emt 0:01:30]} cxd4 {[%emt 0:05:30]} 20. Rxd4 {[%emt 0:06:30]} Rfd8 $11 {[%emt 0:01:30]} 21. Red1 {[%emt 0:04:30]} Rxd4 {[%emt 0:01:30]} 22. Rxd4 {[%emt 0:00:00]} Qc7 {[%emt 0:04:30]} 23. Ne5 {[%emt 0:23:00]} Qc5 {[%emt 0:03:19]} 24. Rd1 {[%emt 0:06:30]} Qc7 {[%emt 0:03:07]} 25. Rd4 {[%emt 0:11:41]} Qc5 {[%emt 0:02:22]} 26. Rd1 {[%emt 0:00:34]} Qc7 {[%emt 0:01:22]} 27. f3 {[%emt 0:02:22]} Qc5+ {[%emt 0:00:48]} 28. Kf1 {[%emt 0:00:55]} Qc7 {[%emt 0:04:45]} 29. b3 {[%emt 0:00:46]} Qc5 {[%emt 0:01:00]} 30. Nd7 {[%emt 0:02:25]} Qf5 {[%emt 0:02:58]} 31. Nxf6+ {[%emt 0:02:35]} Qxf6 {[%emt 0:01:11]} 32. Qd2 {[%emt 0:00:54]} Qe7 {[%emt 0:01:41]} 33. Qd7 {[%emt 0:00:24]} Rc7 {[%emt 0:00:27]} 34. Qxe7 {[%emt 0:01:04]} Rxe7 {[%emt 0:00:30]} 35. Rd8+ {[%emt 0:00:30]} Kh7 {[%emt 0:00:00]} 36. Ke2 {[%emt 0:00:00]} e5 {[%emt 0:00:16]} 37. Rc8 {[%emt 0:01:30]} Kg6 {[%emt 0:00:22]} 38. c5 {[%emt 0:00:57]} bxc5 {[%emt 0:00:30]} 39. Rxc5 {[%emt 0:00:30]} Kf5 {[%emt 0:00:00]} 40. b4 {[%emt 0:00:39]} Ke6 {[%emt 0:01:11]} 41. Ke3 {[%emt 0:03:35]} Rd7 {[%emt 0:00:47]} 42. b5 {[%emt 0:01:35]} Kd6 {[%emt 0:00:57]} 43. Rc6+ {[%emt 0:00:30]} Kd5 {[%emt 0:00:00]} 44. a4 {[%emt 0:00:00]} f5 {[%emt 0:01:10]} 45. Kd3 {[%emt 0:00:46]} 1/2-1/2

[Event "2nd Turkish League 2017"]
[Site "Konya"]
[Date "2017.07.19"]
[Round "4"]
[White "Cannesar, Rad"]
[Black "Aytekin, Murat Eren"]
[Result "1/2-1/2"]
[WhiteElo "1979"]
[BlackElo "2201"]
[Annotator "NA"]
[PlyCount "72"]
[EventType "team-tourn"]
[EventCountry "TUR"]
[SourceTitle "playchess.com"]
[Source "ChessBase"]
[SourceQuality "1"]
[TimeControl "5400+30"]

1. e4 {[%emt 0:00:30]} c5 {[%emt 0:01:00]} 2. Nf3 {[%emt 0:00:00]} e6 {[%emt 0:00:00]} 3. d4 {[%emt 0:00:00]} cxd4 {[%emt 0:00:00]} 4. Nxd4 {[%emt 0:00:30]} a6 {[%emt 0:00:30]} 5. Nc3 {[%emt 0:00:30]} b5 {[%emt 0:00:30]} 6. Bd3 {[%emt 0:00:00]} Qb6 {[%emt 0:00:30]} 7. Nf3 {[%emt 0:00:00]} Qc7 {[%emt 0:00:30]} 8. O-O {[%emt 0:00:30]} Bb7 {[%emt 0:00:30] B43: Sicilian: Kan Variation: 5 Nc3} 9. Re1 {[%emt 0:00:00]} Nc6 {[%emt 0:02:30]} (9... Nf6 10. e5 Nd5 11. Ne4 Nc6 12. Ng3 g6 13. c3 Bg7 14. Qe2 O-O 15. a4 b4 16. c4 {0-1 (57) Movsesian,S (2673)-Andreikin,D (2737) Tallinn 2016}) 10. a4 $146 {[%emt 0:04:00]} ({Predecessor:} 10. Bg5 f6 11. Bh4 Nh6 12. Bg3 Ne5 13. Kh1 Nhf7 14. Nd4 h5 15. h3 h4 16. Bf4 Nxd3 17. Bxc7 Nxf2+ {0-1 (33) Kosteniuk,A (2549)-Kurmann,O (2447) Flims 2016}) 10... b4 {[%emt 0:01:30]} 11. Nb1 {[%emt 0:00:30]} Nf6 {[%emt 0:01:30]} 12. e5 {[%emt 0:01:30]} Ng4 {[%emt 0:02:30]} 13. Bf4 {[%emt 0:01:30]} Bc5 {[%emt 0:02:30]} 14. Bg3 {[%emt 0:01:30]} Qb6 {[%emt 0:16:30]} (14... h5 $1 $15 15. Nbd2 h4 16. Nxh4 Nxf2 17. Bxf2 Bxf2+ 18. Kxf2 Rxh4) 15. Qe2 {[%emt 0:02:30]} f5 {[%emt 0:02:30]} ({Better is} 15... h5 $1 $11) 16. h3 {[%emt 0:11:30]} ({Better is} 16. exf6 $1 $14 Nxf6 17. Nbd2) 16... Nh6 {[%emt 0:01:30]} 17. Nbd2 {[%emt 0:05:30]} Na5 {[%emt 0:02:30]} 18. Bf4 {[%emt 0:05:30]} Nf7 {[%emt 0:06:30]} 19. Be3 {[%emt 0:05:30]} O-O {[%emt 0:01:30]} 20. Bxc5 {[%emt 0:09:30]} Qxc5 {[%emt 0:00:30]} 21. Nb3 {[%emt 0:00:00]} Nxb3 {[%emt 0:01:30]} 22. cxb3 {[%emt 0:00:00]} Bxf3 {[%emt 0:01:30]} 23. gxf3 {[%emt 0:00:30]} Qe7 $15 {[%emt 0:14:30]} 24. Qf1 {[%emt 0:23:30]} Qg5+ {[%emt 0:02:30]} 25. Qg2 {[%emt 0:04:30]} Qd2 {[%emt 0:00:30]} 26. Bc4 {[%emt 0:03:30]} Qxb2 {[%emt 0:06:30]} 27. Rab1 {[%emt 0:03:09]} Qd4 {[%emt 0:00:30]} 28. Rbd1 {[%emt 0:00:09]} Qa7 {[%emt 0:02:30]} 29. f4 {[%emt 0:00:39]} Kh8 {[%emt 0:01:30]} 30. h4 {[%emt 0:02:36]} Rg8 {[%emt 0:04:30]} 31. Rd3 {[%emt 0:02:05]} Rad8 {[%emt 0:03:30]} 32. Red1 {[%emt 0:00:33]} g6 {[%emt 0:02:41]} 33. Kh2 {[%emt 0:02:51]} h6 {[%emt 0:03:49]} 34. Rg3 {[%emt 0:02:48]} Kh7 {[%emt 0:05:22]} 35. Rg1 {[%emt 0:02:53]} Nh8 {[%emt 0:01:56]} 36. h5 {[%emt 0:01:15]} Qd4 {[%emt 0:01:25]} 1/2-1/2